000 00678nam a2200217 a 4500
008
020 _a0521805392 (pbk. )
049 _aMAIN
090 _aQD39
_bVIS
245 1 0 _aVisions of the future :
_bchemistry and life science /
_cedited by J. Michael T. Thompson.
260 _aCambridge :
_bCambridge University Press,
_c2001.
300 _avii, 199 p. :
_bill. ;
_c23 cm.
504 _aIncludes bibliographical references.
500 _aIncludes index.
700 _aThompson, J. Michael T.
907 _a.b10161119
_b18-05-18
_c07-04-05
003
005 20230123134339.0
040 _cNUST
942 _cBOOKS
_kQD39
_mVIS
999 _c164315
_d164315